La similitude dans la "Theologia summi boni" d'Abélard
| Main Author: | |
|---|---|
| Format: | Print Article |
| Language: | French |
| Check availability: | HBZ Gateway |
| Interlibrary Loan: | Interlibrary Loan for the Fachinformationsdienste (Specialized Information Services in Germany) |
| Published: |
2004
|
| In: |
Revue des sciences religieuses
Year: 2004, Volume: 78, Issue: 4, Pages: 519-537 |
| Standardized Subjects / Keyword chains: | B
Abaelard, Peter 1079-1142, Theologia summi boni
/ Knowability of God
/ Analogia entis
|
| IxTheo Classification: | KAE Church history 900-1300; high Middle Ages NBC Doctrine of God |
MARC
| LEADER | 00000caa a22000002c 4500 | ||
|---|---|---|---|
| 001 | 1645016374 | ||
| 003 | DE-627 | ||
| 005 | 20220616121232.0 | ||
| 007 | tu | ||
| 008 | 160405s2004 xx ||||| 00| ||fre c | ||
| 035 | |a (DE-627)1645016374 | ||
| 035 | |a (DE-576)466132026 | ||
| 035 | |a (DE-599)BSZ466132026 | ||
| 040 | |a DE-627 |b ger |c DE-627 |e rakwb | ||
| 041 | |a fre | ||
| 084 | |a 1 |a 0 |2 ssgn | ||
| 100 | 1 | |a Pinel, Élodie |4 aut | |
| 245 | 1 | 3 | |a La similitude dans la "Theologia summi boni" d'Abélard |
| 264 | 1 | |c 2004 | |
| 336 | |a Text |b txt |2 rdacontent | ||
| 337 | |a ohne Hilfsmittel zu benutzen |b n |2 rdamedia | ||
| 338 | |a Band |b nc |2 rdacarrier | ||
| 601 | |a Theologie | ||
| 652 | |a KAE:NBC | ||
| 689 | 0 | 0 | |d u |0 (DE-588)4627145-4 |0 (DE-627)326837000 |0 (DE-576)213853280 |a Abaelard, Peter |2 gnd |d 1079-1142 |t Theologia summi boni |
| 689 | 0 | 1 | |d s |0 (DE-588)4113774-7 |0 (DE-627)105826952 |0 (DE-576)209479221 |2 gnd |a Gotteserkenntnis |
| 689 | 0 | 2 | |d s |0 (DE-588)4132959-4 |0 (DE-627)105683671 |0 (DE-576)209639938 |2 gnd |a Analogia entis |
| 689 | 0 | |5 (DE-627) | |
| 773 | 0 | 8 | |i In |t Revue des sciences religieuses |d Strasbourg : Université de Strasbourg, 1921 |g 78(2004), 4, Seite 519-537 |w (DE-627)12948718X |w (DE-600)205407-3 |w (DE-576)014878828 |x 0035-2217 |7 nnas |
| 773 | 1 | 8 | |g volume:78 |g year:2004 |g number:4 |g pages:519-537 |
| 776 | 1 | |o 10.3406/rscir.2004.3739 | |
| 935 | |a mteo | ||
| 951 | |a AR | ||
| ELC | |b 1 | ||
| ITA | |a 1 |t 1 | ||
| LOK | |0 000 xxxxxcx a22 zn 4500 | ||
| LOK | |0 001 3312514959 | ||
| LOK | |0 003 DE-627 | ||
| LOK | |0 004 1645016374 | ||
| LOK | |0 005 20160405140920 | ||
| LOK | |0 008 160404||||||||||||||||ger||||||| | ||
| LOK | |0 040 |a DE-Tue135 |c DE-627 |d DE-Tue135 | ||
| LOK | |0 092 |o n | ||
| LOK | |0 852 |a DE-Tue135 | ||
| LOK | |0 852 1 |9 00 | ||
| LOK | |0 935 |a ixzs |a ixmi | ||
| LOK | |0 936ln |0 1442044462 |a KAE | ||
| LOK | |0 936ln |0 1442051507 |a NBC | ||
| LOK | |0 939 |a 04-04-16 |b l01 | ||
| ORI | |a SA-MARC-ixtheoa001.raw | ||
| REL | |a 1 | ||
| STA | 0 | 0 | |a Analogia entis,Analogy of being,Analogy of being,Knowability of God,God |
| STB | 0 | 0 | |a Analogia entis,Connaissance de Dieu,Cogniscibilité de Dieu,Cogniscibilité de Dieu |
| STC | 0 | 0 | |a Analogia entis,Conocimiento de Dios |
| STD | 0 | 0 | |a Analogia entis,Conoscibilità di Dio |
| STE | 0 | 0 | |a 存有模拟,存在模拟,认识神,对神的认识 |
| STF | 0 | 0 | |a 存有類比,存在類比,認識神,對神的認識 |
| STG | 0 | 0 | |a Analogia entis,Conhecimento de Deus |
| STH | 0 | 0 | |a Analogia entis,Аналогия бытия,Познание Бога |
| STI | 0 | 0 | |a Analogia entis,Γνώση του Θεού |
| SUB | |a REL | ||
| SYG | 0 | 0 | |a Abaelard, Peter,1079-1142,Tractatus de unitate et trinitate divina,Abaelard, Peter,1079-1142,De unitate et trinitate divina,Abaelard, Peter,1079-1142,De trinitate , Erkennbarkeit Gottes , Analogie des Seins,Seinsanalogie |